Songs of the saints of India (Record no. 396456)
[ view plain ]
| 000 -LEADER | |
|---|---|
| fixed length control field | 00583 a2200217 4500 |
| 005 - DATE & TIME | |
| control field | 20260409125408.0 |
| 008 - FIXED-LENGTH DATA ELEMENTS--GENERAL INFORMATION | |
| fixed length control field | 260409b |||||||| |||| 00| 0 eng d |
| 020 ## - ISBN | |
| International Standard Book Number | 9780195694208 |
| Price | Rs. 475.00 |
| 040 ## - CATALOGING SOURCE | |
| Original cataloging agency | VIVEKANANDA LIBRARY |
| 082 ## - DDC NUMBER | |
| Classification number | 294.5924 |
| Book Number | H316S |
| 100 ## - MAIN ENTRY--PERSONAL NAME | |
| Personal name | Hawley, John Stratton |
| 245 ## - TITLE STATEMENT | |
| Title | Songs of the saints of India |
| 260 ## - PUBLICATION, DISTRIBUTION, ETC. (IMPRINT) | |
| Name of publisher, distributor, etc | Oxford University Press |
| Place of publication, distribution, etc | New Delhi |
| Date of publication, distribution, etc | 2021 |
| 300 ## - PHYSICAL DESCRIPTION | |
| Pages | xxii, 244 |
| 650 ## - Subject | |
| Subject | Religions |
| 650 ## - Subject | |
| Subject | Hinduism |
| 650 ## - Subject | |
| Subject | Devotional Literature |
| 700 ## - Added Entry Personal Name | |
| Added Entry Personal Name | Hawley, J.S, tr. |
| 700 ## - Added Entry Personal Name | |
| Added Entry Personal Name | Juergensmeyer, Mark, tr. |
| 942 ## - ADDED ENTRY ELEMENTS (KOHA) | |
| Koha item type | Books |
| Withdrawn status | Lost status | Source of classification or shelving scheme | Damaged status | Not for loan | Location (home branch) | Sublocation or collection (holding branch) | Shelving location | Date acquired | Koha issues (times borrowed) | Koha full call number | Accession No. | Koha date last seen | Koha item type |
|---|---|---|---|---|---|---|---|---|---|---|---|---|---|
| Dewey Decimal Classification | VIVEKANANDA LIBRARY | VIVEKANANDA LIBRARY | Vivekananda Library | 02/02/2026 | 294.5924 H316S | 444761 | 02/02/2026 | Books |
